Key issues in hunter-gatherer research
Αποθηκεύτηκε σε:
| Άλλοι συγγραφείς: | , |
|---|---|
| Μορφή: | Βιβλίο |
| Γλώσσα: | English |
| Δημοσίευση: |
Oxford :
Berg,
c1996
|
| Σειρά: | Explorarions in anthropology
|
| Θέματα: | |
| Ετικέτες: |
Προσθήκη ετικέτας
Δεν υπάρχουν, Καταχωρήστε ετικέτα πρώτοι!
|
MARC
| LEADER | 00000nam a2200000 i 4500 | ||
|---|---|---|---|
| 001 | 1/25944 | ||
| 008 | 981214s1996 eng d | ||
| 020 | |a 0-85496-376-6 | ||
| 035 | |l 10037463 | ||
| 040 | |a GR-MY-UA |b gre |e aacr | ||
| 041 | 0 | |a eng | |
| 082 | 0 | |a 306.3 | |
| 245 | 1 | 0 | |a Key issues in hunter-gatherer research / |c edited by Ernest S. Burch and Linda J. Ellanna |
| 260 | |a Oxford : |b Berg, |c c1996 | ||
| 300 | |a 534 p. | ||
| 490 | 1 | |a Explorations in anthropology | |
| 504 | |a Includes bibliographical references and index | ||
| 650 | 0 | 0 | |a Hunting and gathering societies. |
| 700 | 1 | |a Burch, Ernest S. |d 1938- |4 edt | |
| 700 | 1 | |a Ellanna, Linda J. |d 1940- |4 edt | |
| 830 | 0 | |a Explorarions in anthropology | |
| 852 | |a INST |b LESVOS |e 19981214 |h 306.3 KEY |p 005100017344 |q 005100017344 |t BK |y 0 | ||
| 901 | |a BIBL-1999-1 | ||
| 909 | |a Λ |b 061019 | ||
| 922 | |a 1ΕΛΗ |b 199811 |c ΚΠΣ/ΤΚΑ |d ΠΑΠΑΣΩΤΗΡΙΟΥ | ||
| 950 | |a 117-1998-07-12 | ||